| 000 | 01143nam a22003497a 4500 | ||
|---|---|---|---|
| 003 | CHAP | ||
| 005 | 20220329141331.0 | ||
| 008 | 971013s1985 r 00010 d | ||
| 010 | _a66559 | ||
| 011 | _a67531 | ||
| 035 | _a77001 | ||
| 040 | _cCHAP | ||
| 082 |
_a631.43 _bV3 |
||
| 100 | 0 | 0 |
_aVaughan, D. _9118198 |
| 245 | _aSoil organic matter and biological activity | ||
| 260 |
_aDordrecht, The Netherland : _bMartinus Nijhoft, _c1985 |
||
| 300 |
_a469 p. _b; gráfs. |
||
| 490 |
_aDevelopments in plant and soil sciences _v; ud.16 |
||
| 500 | _a28-174 | ||
| 590 |
_aBATCH-UPD _b10 _c20130110 _lUCH01 _h0436 |
||
| 590 |
_aBATCH-UPD _b10 _c20130410 _lUCH01 _h0112 |
||
| 590 |
_aBATCH-UPD _b10 _c20130914 _lUCH01 _h1210 |
||
| 590 |
_aCONVERSION _b10 _c20130109 _lUCH01 _h1337 |
||
| 650 | 1 | 4 |
_aHumus. _956902 |
| 650 | 1 | 4 |
_aSuelos _xMateria orgánica. _9110429 |
| 650 | 1 | 4 |
_aSuelos _xMicrobiología. _9110434 |
| 700 | 0 |
_aMalcolm, R. E. _970069 |
|
| 830 | 0 |
_aDevelopments in plant and soil sciences _v; ud.16 _932288 |
|
| 901 | _aBK | ||
| 942 | _cLIBRO | ||
| 949 |
_a631.43 V3 _bBC _cLIBRO _d33724000070512 _eLIBRO _gI.141405 _h74545 _i77001 _si _t110.21 |
||
| 999 |
_c66559 _d66559 |
||